A survival guide for project managers

保存先:
書誌詳細
第一著者: Taylor, James
フォーマット: 図書
言語:Undetermined
出版事項: New York, NY American Management Association 2006
主題:
タグ: タグ追加
タグなし, このレコードへの初めてのタグを付けませんか!
Thư viện lưu trữ: Trung tâm Học liệu Trường Đại học Cần Thơ
LEADER 00545nam a2200193Ia 4500
001 CTU_128707
008 210402s9999 xx 000 0 und d
020 |c 324000 
082 |a 658.404 
082 |b T243 
100 |a Taylor, James 
245 2 |a A survival guide for project managers 
245 0 |c James Taylor 
260 |a New York, NY 
260 |b American Management Association 
260 |c 2006 
650 |a Project management.,Quản lý dự án 
904 |i Minh 
980 |a Trung tâm Học liệu Trường Đại học Cần Thơ